00483nam a2200181 a 450000100060000000300090000600800410001502000150005604000280007108200090009910000200010824500530012826000460018130000110022749000250023865000160026365000220027917476CO-ViMGA141112s2004 ck r 000 u spa d a8448000749 aCO-ViMGAbspacCO-ViMGA04aENId1 aBalanya, Ismael10aEl enigma de las dos maletas y siete casos más aBarcelona (España), cTimun mas, c1994 a117.p. aResuelve el misterio14aADIVINANZAS14aJUEGOS INFANTILES